000 00964nas a2200301 4500
001 BR2011007377
003 BR-BrBNA
005 20231205115942.0
007 ta
008 230509b bl.|||p| |||| 00| 00por d
040 _aBR-BrBNA
_bpor
_cBiblioteca Nacional de Agricultura
041 _a(Pt)
072 _aQ02
100 1 _aRibeiro, D.M.
100 1 _aCorrêa, P.C.
100 1 _aFurtado, B.F.
100 1 _aGoneli, A.L.D.
100 1 _aResende, O.
245 1 _aPropriedades mecânicas dos grãos de soja em função do teor de água
650 _aPROCESSAMENTO
650 _aSECAGEM
650 _aUMIDADE
650 _aPROPRIEDADE REOLÓGICA
773 0 _tEngenharia Agrícola (Brazil)
_xISSN 1808-4389
_g(May-Aug 2007), v.27(2) p. 493-500
_wBR2011007377
856 4 0 _uhttp://www.scielo.br/scielo.php?script=sci_arttext pid=S0100-69162007000300019 lng=pt nrm=iso tlng=pt
909 _a202311
_bLúcia
_c55
_dLúcia Elande
942 _2AGRIS
_n0
_cANA
999 _c216442
_d216442